US civil-society assistance to the arab world <the> cases of Egypt and Palestine
Uložené v:
| Hlavný autor: | |
|---|---|
| Médium: | Kniha |
| Jazyk: | English |
| Vydavateľské údaje: |
San Domenico (FI)
European University Institute
2000
|
| Edícia: | EUI Working paper RSC
No. 2000/5 |
| Predmet: | |
| Tagy: |
Žiadne tagy, Buďte prvý, kto otaguje tento záznam!
|
MARC
| LEADER | 00000nam a2200000 4500 | ||
|---|---|---|---|
| 001 | c132049 | ||
| 005 | 20221123133646.8 | ||
| 041 | 0 | |a eng | |
| 044 | |a IT | ||
| 245 | 1 | 0 | |a US civil-society assistance to the arab world |b <the> cases of Egypt and Palestine |c Imco Brouwer |
| 264 | 1 | |a San Domenico (FI) |b European University Institute |c 2000 | |
| 300 | |a 40 s. | ||
| 490 | 1 | |a EUI Working paper RSC |v No. 2000/5 | |
| 830 | 0 | |a EUI Working paper RSC |v No. 2000/5 | |
| 610 | 2 | 0 | |a spoločnosť občianska |
| 610 | 2 | 0 | |a politika |
| 610 | 2 | 0 | |a demokracia |
| 610 | 2 | 0 | |a Egypt |
| 610 | 2 | 0 | |a Palestína |
| 610 | 2 | 0 | |a USA |
| 100 | 1 | |a Brouwer, Imco | |